Oceanic processes in marine pollution

-д хадгалсан:
Номзүйн дэлгэрэнгүй
Формат: Ном
Хэл сонгох:англи
Хэвлэсэн: Malabar Robert E. Krieger 1987
Нөхцлүүд:
Шошгууд: Шошго нэмэх
Шошго байхгүй, Энэхүү баримтыг шошголох эхний хүн болох!

MARC

LEADER 00000nam a2200000 a 4500
001 UCV4986
003 CL-VaPUC
008 920305e19870000US |||||||||||||||||eng|d
082 0 4 |a 363.7394  |b OCE  |2 21 
245 1 0 |a Oceanic processes in marine pollution 
300 |a v 
942 |c BK 
945 |d 19920305 00:00:00 
260 |a Malabar  |b Robert E. Krieger  |c 1987 
500 |a v.1: Biological processes and wartes in the ocean 
500 |a v.2: Physicochemical processes and wastes in the ocean 
500 |a v.3: Marine wastes management: science and policy 
500 |a v.4: Scientific monitoring strategies for ocean waste disposal 
500 |a v.5: Urban wastes in coastal marine environments 
500 |a v.6: Physical and chemical processes: transport and transformation 
650 7 |a CONTAMINACION MARINA ASPECTOS AMBIENTALES  |2 CL-VaPUC  |9 261416 
650 7 |a CICLOS BIOGEOQUIMICOS  |2 CL-VaPUC  |9 261417 
650 7 |a DISPOSICION DE RESIDUOS EN EL OCEANO  |2 CL-VaPUC  |9 261418 
650 7 |a MONITORES AMBIENTALES  |2 CL-VaPUC  |9 261419 
650 7 |a ELIMINACION DE BASURAS  |2 CL-VaPUC  |9 261420 
650 0 |a Residuos industriales  |9 261421 
583 |a last modification  |c 19920305 00:00:00  |k Rodrigo Vera 
999 |c 211598  |d 211596 
952 |0 0  |1 0  |2 ddc  |4 0  |6 363_739400000000000_OCE_1987  |7 0  |8 CCM  |9 191295  |a BIBCUR  |b BIBCUR  |c PAC  |d 2019-11-14  |h v.1  |i 2589079  |o 363.7394 OCE 1987  |p 2589079  |r 2025-04-22  |w 2019-11-14  |y BK  |k CIM 
952 |0 0  |1 0  |2 ddc  |4 0  |6 363_739400000000000_OCE_1987  |7 0  |8 CCM  |9 191296  |a BIBCUR  |b BIBCUR  |c PAC  |d 2019-11-14  |h v.2  |i 2589087  |o 363.7394 OCE 1987  |p 2589087  |r 2025-04-22  |w 2019-11-14  |y BK  |k CIM 
952 |0 0  |1 0  |2 ddc  |4 0  |6 363_739400000000000_OCE_1987  |7 0  |8 CCM  |9 191297  |a BIBCUR  |b BIBCUR  |c PAC  |d 2019-11-14  |h v.3  |i 2589095  |o 363.7394 OCE 1987  |p 2589095  |r 2025-04-22  |w 2019-11-14  |y BK  |k CIM 
952 |0 0  |1 0  |2 ddc  |4 0  |6 363_739400000000000_OCE_1987  |7 0  |8 CCM  |9 191298  |a BIBCUR  |b BIBCUR  |c PAC  |d 2019-11-14  |h v.4  |i 2589109  |o 363.7394 OCE 1987  |p 2589109  |r 2025-04-22  |w 2019-11-14  |y BK  |k CIM 
952 |0 0  |1 0  |2 ddc  |4 0  |6 363_739400000000000_OCE_1987  |7 0  |8 CCM  |9 191299  |a BIBCUR  |b BIBCUR  |c PAC  |d 2019-11-14  |h v.5  |i 2589117  |o 363.7394 OCE 1987  |p 2589117  |r 2025-04-22  |w 2019-11-14  |y BK  |k CIM 
952 |0 0  |1 0  |2 ddc  |4 0  |6 363_739400000000000_OCE_1987  |7 0  |8 CCM  |9 191300  |a BIBCUR  |b BIBCUR  |c PAC  |d 2019-11-14  |h v.6  |i 2589125  |o 363.7394 OCE 1987  |p 2589125  |r 2025-04-22  |w 2019-11-14  |y BK  |k CIM